| 000 | 00608nam a22001937a 4500 | ||
|---|---|---|---|
| 999 |
_c182350 _d182350 |
||
| 005 | 20211110172045.0 | ||
| 010 | _aUR-11320 | ||
| 020 |
_c300.00 _a9788194848110 |
||
| 035 | _aU-9875 | ||
| 037 | _bDBAD/PUB | ||
| 082 | _a844.08 | ||
| 100 | _aر ؤ ف خير | ||
| 245 |
_aد ر يا کو ز ے ميں _cر ؤ ف خير |
||
| 246 |
_aDarya Kooze mein (Urdu) _bby Raoof Khair |
||
| 260 |
_aN.Delhi _c2020 ء _bEducational Publishing House |
||
| 270 |
_aD1/16,Ansari Road,Darya Ganj, _bNew Delhi _e110002 _l - |
||
| 300 |
_a280 ص _c22 Cm(Hb) |
||
| 942 |
_2ddc _cUR _h844.08 _mر ؤ ف |
||